000 00759nam a22002177a 4500
003 LK-CoMWRAF
005 20240701154134.0
008 240701b1999 |||||||| |||| 00| 0 eng d
040 _aLK-CoMWRAF
_dLK-CoMWRAF
_eLK-CoMWRAF
041 _aeng
082 _a341.486
_bBRO
110 _a Brookings institution
245 _aHandbook for applying the guiding principles on internal displacement:
_bthe Brookings institution project on internal displacement
260 _b[Brookings Institution]
_c1999
300 _aiii.,61 p.
650 _aINTERNALLY DISPALCED PEOPLE-Handbooks
700 _aMartin, Susan Forbes
700 _aDeng, Francis M.
856 _uhttps://www.ohchr.org/sites/default/files/Documents/Issues/IDPersons/Handbook.pdf
942 _cBK
999 _c4959
_d4959